Guess the Footballers by their Teams - Picture Edition #8 - Statistics

General Stats
  • This quiz has been taken 102 times
  • The average score is 10 of 15
Answer Stats
Picture Answer % Correct
Frank Lampard
97%
Raphaël Varane
83%
Xavi
83%
Raphinha
78%
Steven Gerrard
77%
Frank Rijkaard
72%
Marcel Desailly
69%
Lothar Matthäus
68%
Nemanja Vidić
68%
Pablo Zabaleta
67%
Klaas-Jan Huntelaar
58%
Ian Wright
56%
Hristo Stoichkov
55%
Shaun Wright-Phillips
44%
Gianluca Vialli
41%
No matching quizzes found
Score Distribution
Percent of People with Each Score
Percentile by Number Answered
Your Score History
You have not taken this quiz